[Event "20th Montcada Open"]
[Site "Montcada i Reixac ESP"]
[Date "2012.06.30"]
[Round "6.2"]
[White "Hernandez Carmenates,Hold"]
[Black "Burmakin,V"]
[Result "0-1"]
[WhiteElo "2570"]
[BlackElo "2586"]

1.d4 c6 2.c4 d5 3.Nf3 Nf6 4.Qb3 Qb6 5.Nc3 Bf5 6.cxd5 Qxb3 7.axb3 Nxd5 8.Nxd5 cxd5
9.e3 Nc6 10.Bd2 f6 11.b4 e6 12.Bb5 Kd8 13.Ke2 Nxb4 14.Ra4 a5 15.Rha1 Kc7
16.Ne1 Bg6 17.Bd3 Nxd3 18.Nxd3 b6 19.b4 Be8 20.R4a3 Kb7 21.R3a2 a4 22.Nb2 Bb5+
23.Kd1 Bd6 24.Nxa4 Bc4 25.Ra3 Bxh2 26.g3 h5 27.Nb2 Rxa3 28.Rxa3 Bb5 29.Nd3 h4
30.gxh4 Rxh4 31.Nf4 Bd7 32.Ke2 g5 33.Nd3 Bb5 34.Kf3 Bd6 35.Kg2 Rh2+ 36.Kg1 Rh8
37.Ne1 Be2 38.f3 g4 39.f4 f5 40.Ra2 Bc4 41.Ra1 Be7 42.Ng2 Bd3 43.Be1 Be4
44.Ra3 Rc8 45.Bc3 Rc4 46.Kf2 Bxg2  0-1

[Event "XXI Adolf Anderssen Mem Prelim"]
[Site "Wroclaw POL"]
[Date "2012.06.30"]
[Round "4"]
[White "Hnydiuk,A"]
[Black "Jaracz,P"]
[Result "0-1"]
[WhiteElo "2427"]
[BlackElo "2514"]

1.Nf3 d5 2.d4 Nf6 3.c4 c6 4.Qc2 dxc4 5.Qxc4 Bf5 6.g3 e6 7.Bg2 Nbd7 8.O-O Be7
9.e3 O-O 10.Rd1 Rc8 11.Qe2 Qb6 12.Nbd2 Bc2 13.Re1 Bg6 14.b3 c5 15.Nc4 Qa6
16.Bb2 cxd4 17.Nxd4 Be4 18.Bf1 b6 19.Nd2 Qxe2 20.Bxe2 Bb7 21.Bf3 Bxf3 22.N2xf3 Ne4
23.Rac1 Nec5 24.Red1 a6 25.Ba3 a5 26.Nb5 Rfd8 27.Bb2 f6 28.Nfd4 Ne5 29.Na7 Rc7
30.Ndb5 Rcd7 31.Rxd7 Rxd7 32.Bxe5 fxe5 33.Nc8 Bd8 34.Ncd6 Kf8 35.Rc4 Ke7
36.Ne4 Nxe4 37.Rxe4 Rd5 38.Nc3 Rc5 39.Rc4 Rxc4 40.bxc4 Kd6 41.Ne4+ Kc6 42.a4 b5
43.axb5+ Kb6 44.Kf1 a4 45.Ke2 a3 46.Nc3 Kc5 47.Kd3 Kb4 48.Na2+ Kb3 49.Nc3 e4+
50.Kd2 Ba5  0-1

[Event "20th Montcada Open"]
[Site "Montcada i Reixac ESP"]
[Date "2012.07.01"]
[Round "7.19"]
[White "Aloma Vidal,R"]
[Black "Navarro Ortiz de Ortuno,B"]
[Result "0-1"]
[WhiteElo "2402"]
[BlackElo "2348"]

1.d4 d5 2.c4 c6 3.Nf3 Nf6 4.Qc2 g6 5.Bf4 Bf5 6.Qb3 Qb6 7.e3 Bg7 8.Nc3 O-O
9.c5 Qxb3 10.axb3 Nbd7 11.h3 Ne4 12.b4 a6 13.Be2 Rfe8 14.g4 Nxc3 15.bxc3 Be4
16.Kd2 e5 17.Bg3 f5 18.Rhg1 Bxf3 19.Bxf3 f4 20.Bh2 Rf8 21.Rgf1 Bh6 22.h4 g5
23.exf4 exf4 24.hxg5 Bxg5 25.Kd3 Rfe8 26.Rfe1 Kf7 27.c4 dxc4+ 28.Kxc4 Nf6
29.Rad1 Rad8 30.Rxe8 Kxe8 31.Re1+ Kf7 32.Re5 Kg6 33.Rf5 h5 34.Bxf4 Bxf4 35.Rxf4 h4
36.Bg2 Re8 37.Bh3 Re1 38.Rf5 Rh1 39.g5 Ne4 40.Bg4 Nxg5 41.Re5 h3 42.f4 Nf7
43.Re6+ Kg7 44.Re7 h2 45.Bf3 Rf1 46.Bg2 Rg1 47.Bf3 Rc1+ 48.Kd3 Rf1 49.Bg2 Rg1
50.Re2 Nd8 51.Be4 h1=Q 52.Bxh1 Rxh1 53.Re8 Rh8 54.Re7+ Kf8 55.Re5 Nf7 56.Rf5 Ke7
57.d5 cxd5 58.Kd4 Rd8 59.Rh5 Rd7 60.Rh1 Ke6 61.Rb1 Kf5 62.b5 axb5 63.Rxb5 Kxf4
64.Rb6 Kf5 65.c6 bxc6 66.Rxc6 Nd8  0-1

[Event "20th Montcada Open"]
[Site "Montcada i Reixac ESP"]
[Date "2012.07.02"]
[Round "8.3"]
[White "Hernandez Carmenates,Hold"]
[Black "Alarcon Casellas,Rol"]
[Result "1/2-1/2"]
[WhiteElo "2570"]
[BlackElo "2417"]

1.d4 d5 2.c4 c6 3.Nf3 Nf6 4.Qb3 dxc4 5.Qxc4 Bf5 6.g3 e6 7.Bg2 Be7 8.O-O O-O
9.e3 Nbd7 10.Rd1 Qc7 11.Nc3 e5 12.e4 Bg4 13.Be3 exd4 14.Bxd4 Bxf3 15.Bxf3 Ne5
16.Qe2 Rad8 17.Rac1 Qb8 18.Bg2 b5 19.Kh1 b4 20.Na4 Qb5 21.Qxb5 cxb5 22.Bxe5 bxa4
23.Bd4 Rd7 24.Bh3 Rdd8 25.e5 Ne4 26.Bg2 Bc5 27.Bxc5 Rxd1+ 28.Rxd1 Nxc5 29.Rd5 Ne6
30.Ra5 Rc8 31.Be4 Rc1+ 32.Kg2 Re1 33.Bc2 g5 34.Bxa4 g4 35.Bd7 h5 36.Bxe6 fxe6
37.Rxa7 Re2 38.b3 Rxe5 39.Rb7 Re4 40.Rc7 Re2 41.Rc4 Rxa2 42.Rxb4 Kf7 43.Rb5 Rb2
44.Rxh5 Rxb3 45.Rg5 Rb4 46.h3 gxh3+ 47.Kxh3 Kf6 48.Rg4 Rb5 49.Rf4+ Kg6 50.g4 Rb3+
51.Kg2 Kg5 52.Re4 Kh4 53.Rd4 Ra3 54.Rb4 Rc3 55.Ra4 Rb3 56.Kf1 Rb2 57.Ke1 Kg5
58.f3 Kh4 59.Rf4 e5 60.Rf5 e4 61.g5 exf3 62.g6 Rg2  1/2-1/2

[Event "NIKI Open 2012"]
[Site "Nachod CZE"]
[Date "2012.07.02"]
[Round "3.18"]
[White "Rychlik,H"]
[Black "Kuru,M"]
[Result "1-0"]
[WhiteElo "2044"]
[BlackElo "1852"]

1.d4 d5 2.Nf3 Nf6 3.c4 c6 4.g3 Bf5 5.Bg2 e6 6.O-O Nbd7 7.Bf4 Be7 8.Nfd2 O-O
9.Nc3 Bg6 10.e4 dxc4 11.Nxc4 Nb6 12.Ne5 Rc8 13.Rc1 c5 14.dxc5 Bxc5 15.Qxd8 Rfxd8
16.Nxg6 hxg6 17.Nb5 a6 18.Na7 Ra8 19.Rxc5 Rxa7 20.Rc7 Ne8 21.Be3 Nc8  1-0

[Event "9th Philadelphia International"]
[Site "Philadelphia USA"]
[Date "2012.07.02"]
[Round "7"]
[White "Kaufman,La"]
[Black "Mo,Kevin"]
[Result "1/2-1/2"]
[WhiteElo "2380"]
[BlackElo "2233"]

1.d4 d5 2.c4 c6 3.Nf3 Nf6 4.Qc2 dxc4 5.Qxc4 Bf5 6.g3 e6 7.Bg2 Be7 8.O-O O-O
9.Rd1 Nbd7 10.e3 Qc7 11.Qe2 e5 12.Nc3 Rfe8 13.h3 Ne4 14.Ne1 Nxc3 15.bxc3 Rad8
16.e4 Be6 17.Nc2 Qa5 18.d5 cxd5 19.exd5 Bf5 20.Ne3 Bg6 21.c4 Nc5 22.h4 h6
23.h5 Bh7 24.Qg4 Qc3 25.Bd2 Qd4 26.Ba5 Qxg4 27.Nxg4 b6 28.Bc3 Bd6 29.Ne3 Na4
30.Bd2 Ba3 31.Re1 Bb2 32.Rad1 Bd4 33.Bf1 Nc5 34.g4 Ne4 35.Bc1 Rc8 36.Bd3 Nd6
37.Bxh7+ Kxh7 38.Ba3 Bxe3 39.Bxd6 Bd4 40.Rc1 f6 41.a4 Kg8 42.Kf1 Red8 43.Ba3 Rd7
44.Re2 Kf7 45.Rec2 g6 46.hxg6+ Kxg6 47.Ke2 f5 48.gxf5+ Kxf5 49.Kd3 h5 50.Rh1 Rh7
51.f3 h4 52.Rch2 Rch8 53.Bc1 h3 54.Be3 Bxe3 55.Kxe3 Rh4 56.a5 R8h6 57.axb6 axb6
58.Rc1 Rd6  1/2-1/2

[Event "40th TCh-GRE 2012"]
[Site "Achaea GRE"]
[Date "2012.07.03"]
[Round "5.10"]
[White "Guramishvili,S"]
[Black "Theofilopoulos,A"]
[Result "1-0"]
[WhiteElo "2408"]
[BlackElo "2188"]

1.d4 d5 2.c4 c6 3.Nf3 Nf6 4.Nbd2 e6 5.g3 Be7 6.Bg2 Nbd7 7.O-O O-O 8.Qc2 Re8
9.e4 dxe4 10.Nxe4 Nxe4 11.Qxe4 Bf6 12.Rd1 c5 13.Be3 Qe7 14.Qc2 cxd4 15.Nxd4 Bxd4
16.Bxd4 a5 17.c5 e5 18.Be3 Nb8 19.Be4 h6 20.Rd6 Ra6 21.Rxa6 Nxa6 22.Qa4 Rd8
23.Qxa5 f5 24.Bg2 g5 25.Re1 Qf6 26.Bd2 e4 27.Bc3 Qf8 28.Qb6 Kh7 29.g4 Nxc5
30.Bb4 Nd7 31.Qb5 Qf7 32.Rc1 Nf8 33.Qa5 Rd5 34.Qa8 Qd7 35.Qxc8 Rd1+ 36.Bf1 Qxc8
37.Rxc8 Ng6 38.Rc7+ Kg8 39.gxf5 Nf4 40.f6 Ne2+ 41.Kg2 Nf4+ 42.Kg3 Nh5+ 43.Kh3 Nf4+
44.Kg4 h5+ 45.Kxg5  1-0

[Event "40th TCh-GRE 2012"]
[Site "Achaea GRE"]
[Date "2012.07.04"]
[Round "6.6"]
[White "Prohaszka,P2"]
[Black "Spyropoulos,Ge"]
[Result "1-0"]
[WhiteElo "2554"]
[BlackElo "2172"]

1.d4 d5 2.Nf3 Nf6 3.c4 c6 4.Qc2 e6 5.g3 Nbd7 6.Bg2 Bd6 7.O-O O-O 8.Nc3 dxc4
9.Rd1 Qc7 10.Nd2 b5 11.Nxb5 cxb5 12.Bxa8 Nd5 13.Ne4 N7b6 14.Bxd5 Nxd5 15.a4 a6
16.axb5 axb5 17.b3 Bb4 18.bxc4 bxc4 19.Ba3 Qc6 20.Ng5 g6 21.Bxb4 Nxb4 22.Qa4 Qd5
23.Qxb4 Qxg5 24.Qxc4 Bb7 25.Qc5 Qg4 26.f3 Qf5 27.Qxf5 gxf5 28.Ra7 Bd5 29.Rc1 Kg7
30.Rcc7 Kf6 31.Kf2  1-0

[Event "ch-SLO w 2012"]
[Site "Ljubljana SLO"]
[Date "2012.07.04"]
[Round "5.1"]
[White "Leonardi,Caterina"]
[Black "Orehek,S"]
[Result "1-0"]
[WhiteElo "1878"]
[BlackElo "2038"]

1.d4 d5 2.c4 c6 3.Nf3 Nf6 4.Qc2 dxc4 5.Qxc4 e6 6.e3 b5 7.Qc2 Bb7 8.Be2 Nbd7
9.a3 Rc8 10.b4 a5 11.O-O axb4 12.axb4 Bxb4 13.Nbd2 O-O 14.Ba3 Bxa3 15.Rxa3 b4
16.Ra7 Ba8 17.Nc4 Nb6 18.Nfe5 Nxc4 19.Bxc4 Qd6 20.Rfa1 c5 21.R1a6 Be4 22.Qb3 Qb8
23.Bxe6 c4 24.Bxc4 Bd5 25.h3 Rxc4 26.Nxc4 Qc8 27.Qxb4 Qxc4 28.Qxc4 Bxc4 29.Rc6 Be6
30.f3 Rb8 31.Rb6 Rc8 32.e4 Rc1+ 33.Kh2 Kf8 34.d5 Bc8 35.e5 Nd7 36.Rd6 Ke7
37.Rc6 Rxc6 38.dxc6 Ke6 39.cxd7 Bxd7 40.f4 Bb5 41.g4 g6 42.Kg3 Bd3 43.Ra3 Bc4
44.Ra8 g5 45.f5+ Kxe5 46.Rh8 h5 47.Rxh5 f6 48.Rh8 Bb5 49.Rb8 Bd7 50.Rb1 Bc6
51.Re1+ Be4 52.h4 gxh4+ 53.Kxh4 Kf4 54.Rxe4+  1-0

[Event "ch-SLO w 2012"]
[Site "Ljubljana SLO"]
[Date "2012.07.04"]
[Round "5.3"]
[White "Srebrnic,A"]
[Black "Unuk,Laura"]
[Result "1-0"]
[WhiteElo "2183"]
[BlackElo "1946"]

1.d4 d5 2.c4 c6 3.Nf3 Nf6 4.Qb3 dxc4 5.Qxc4 b5 6.Qc2 Bb7 7.e4 e6 8.Bd3 Nbd7
9.Nc3 h6 10.e5 Nd5 11.Nxd5 cxd5 12.Bd2 a6 13.O-O Be7 14.a4 b4 15.a5 Nb8 16.Rfc1 Nc6
17.Qa4 Qd7 18.Bb1 Rc8 19.Qb3 Bd8 20.Bd3 Be7 21.Qd1 Bf8 22.Qe2 Ra8 23.Bc2 Be7
24.Ba4 O-O 25.Qd3 f5 26.exf6 Bxf6 27.Qg6 Qd6 28.Bxh6 Ne7 29.Qg4 Nf5 30.Bf4 Qd8
31.Be5 Bc8 32.Bc2 Nh6 33.Qg6 Ra7 34.Qh7+ Kf7 35.Ng5+ Bxg5 36.Qxg7+ Ke8 37.Qxa7 Bxc1
38.Bg6+ Nf7 39.Rxc1 Bd7 40.f4 Ke7 41.Qc5+ Ke8 42.Qxb4 Rg8 43.Bxf7+ Kxf7 44.Qb7 Ke7
45.Qxa6 Qe8 46.Qd6+ Kf7 47.Rc7  1-0

[Event "35th Barbera Open A"]
[Site "Barbera del Valles ESP"]
[Date "2012.07.05"]
[Round "2.17"]
[White "Hernandez Carmenates,Hold"]
[Black "Iagar,R"]
[Result "1-0"]
[WhiteElo "2569"]
[BlackElo "2154"]

1.d4 d5 2.c4 c6 3.Nf3 Nf6 4.Qb3 Qb6 5.Nc3 e6 6.c5 Qc7 7.g3 b6 8.Bf4 Qd8 9.cxb6 axb6
10.Bg2 Ba6 11.O-O Be7 12.Bxb8 Rxb8 13.Ne5 Qd6 14.Qa4 Bb7 15.e4 Ra8 16.Qc2 O-O
17.Rfe1 Rfc8 18.Nxf7 Kxf7 19.e5 Qd7 20.exf6 Bxf6 21.Qxh7 Bxd4 22.Qd3 c5 23.Bh3 Re8
24.Ne2 Be5 25.Bg2 Qd6 26.Nc3 Bc6 27.Rad1 Qc7 28.a3 Rad8 29.Rd2 Bf6 30.f4 g6
31.Rde2 c4 32.Qf3 Rd6 33.Qg4 Bd7 34.Re5 b5 35.Kh1 Qb6 36.Qe2 Qb8 37.h4 Qd8
38.Qd2 Bxe5 39.fxe5 Ra6 40.Qh6 Re7 41.Qh7+  1-0

[Event "Int Open ch-SVK 2012"]
[Site "Banska Stiavnica SVK"]
[Date "2012.07.07"]
[Round "1.7"]
[White "Edes,Z"]
[Black "Varga,Zo"]
[Result "0-1"]
[WhiteElo "2085"]
[BlackElo "2477"]

1.d4 d5 2.c4 dxc4 3.Nf3 c6 4.e3 Be6 5.a4 Nf6 6.Na3 Bd5 7.Nxc4 e6 8.Be2 c5
9.O-O cxd4 10.exd4 Be7 11.h3 O-O 12.Bf4 Nc6 13.Nce5 Na5 14.Qd3 Be4 15.Qe3 Bf5
16.Bc4 Nxc4 17.Nxc4 Nd5 18.Qc1 Bd3 19.Nce5 Bxf1 20.Kxf1 Rc8 21.Qd2 Bb4  0-1

[Event "ch-SLO w 2012"]
[Site "Ljubljana SLO"]
[Date "2012.07.07"]
[Round "8.4"]
[White "Leonardi,Caterina"]
[Black "Bucar,N"]
[Result "1/2-1/2"]
[WhiteElo "1878"]
[BlackElo "2026"]

1.d4 d5 2.c4 c6 3.Nf3 Nf6 4.Qc2 dxc4 5.Qxc4 Bg4 6.Ne5 Bh5 7.e3 Nbd7 8.Nxd7 Qxd7
9.Be2 Bxe2 10.Qxe2 e6 11.O-O Bd6 12.Nc3 O-O 13.Bd2 e5 14.dxe5 Bxe5 15.Rad1 Rad8
16.Na4 Qe7 17.a3 Ne4 18.Bb4 c5 19.Bc3 Nxc3 20.Nxc3 a6 21.Qc2 Qe6 22.Rd2 Rxd2
23.Qxd2 Qb3 24.g3 h6 25.a4 c4 26.Rc1 b5 27.axb5 axb5 28.Qc2 Qxc2 29.Rxc2 Rb8
30.f4 Bd6 31.Kf2 f6 32.Rd2 b4 33.Rxd6 bxc3 34.bxc3 Rb3 35.Ke2 Rxc3 36.Rd4 Rc2+
37.Rd2 Rc1 38.Ra2 Rh1 39.Kf3 Rc1 40.Ke2 Kf7 41.Kd2 Rh1 42.Kc3 Rc1+ 43.Kd4 Ke6
44.e4 h5 45.h4 c3 46.Ra6+  1/2-1/2

[Event "16th Godesburg Open"]
[Site "Bad Godesberg GER"]
[Date "2012.07.08"]
[Round "2.2"]
[White "Rausis,I"]
[Black "Mittmann,J"]
[Result "1-0"]
[WhiteElo "2496"]
[BlackElo "2033"]

1.d4 d5 2.c4 c6 3.Nf3 Nf6 4.Qc2 dxc4 5.e4 b5 6.b3 cxb3 7.axb3 e6 8.Bd2 Bb7
9.Bd3 Nbd7 10.O-O a6 11.Ba5 Qb8 12.Nbd2 e5 13.Nxe5 Nxe5 14.dxe5 Ng4 15.Nf3 Nxe5
16.Nxe5 Qxe5 17.Bc3 Qg5 18.e5 Be7 19.Be4 O-O 20.Bxh7+ Kh8 21.Be4 Rfe8 22.f4 Bc5+
23.Kh1 Qe7 24.Rf3 Kg8 25.Rh3 Bc8 26.Rg3  1-0

[Event "11th ROC Nova Open"]
[Site "Haarlem NED"]
[Date "2012.07.08"]
[Round "5.2"]
[White "De Jong,M"]
[Black "Van Kampen,R"]
[Result "0-1"]
[WhiteElo "2358"]
[BlackElo "2560"]

1.d4 d5 2.c4 c6 3.Nf3 Nf6 4.Qc2 dxc4 5.Qxc4 Bg4 6.Nbd2 Nbd7 7.g3 e6 8.Bg2 Be7
9.O-O O-O 10.Ne5 Bh5 11.Nxd7 Nxd7 12.Nf3 Nb6 13.Qd3 c5 14.dxc5 Qxd3 15.exd3 Bxc5
16.d4 Be7 17.Ne5 f6 18.g4 Be8 19.Nd3 Bb5 20.Rd1 Rad8 21.Be3 Nd5 22.h3 Kf7
23.Rac1 b6 24.Nf4 Nxe3 25.fxe3 g5 26.Nh5 Rc8 27.Ng3 Bb4 28.Kf2 Ke7 29.a3 Bd6
30.Ne4 Bb8 31.Nc3 Bd7 32.Bb7 Rcd8 33.b4 f5 34.Kg2 f4 35.exf4 Rxf4 36.Ne2 Rf7
37.Rc3 Rdf8 38.Rf3 Rxf3 39.Bxf3 Bd6 40.d5 exd5 41.Nc3 d4 42.Nd5+ Ke6 43.Rxd4 Rc8
44.Rd2 Rc1 45.Ne3 Bf4 46.Re2 Bb5 47.Nf5+ Bxe2 48.Bxe2 Ke5 49.b5 Rc2 50.Kf1 Rc3
51.a4 Ra3 52.Ne7 Rxa4 53.Bd3 h6 54.Nc6+ Kd6 55.Ke2 a5  0-1

[Event "9th South Wales Int"]
[Site "Penarth WLS"]
[Date "2012.07.08"]
[Round "1.4"]
[White "Arkell,K"]
[Black "French,A"]
[Result "1-0"]
[WhiteElo "2441"]
[BlackElo "2032"]

1.d4 d5 2.c4 c6 3.Nf3 Nf6 4.Qc2 g6 5.Bg5 Bg7 6.Nbd2 O-O 7.e3 Qb6 8.Bd3 Re8
9.O-O Nbd7 10.Rfd1 e5 11.dxe5 Nxe5 12.Nxe5 Rxe5 13.Nf3 Re8 14.Bxf6 Bxf6 15.cxd5 cxd5
16.Rd2 Be6 17.Be2 Rec8 18.Qd1 Rc5 19.Ne1 Rac8 20.Nd3 R5c7 21.Bg4 Bxg4 22.Qxg4 Rc2
23.Rxc2 Rxc2 24.Qd1 Qc7 25.Rb1 a5 26.g3 Qc6 27.a4 Kg7 28.b3 Qc3 29.Nf4 d4
30.Nd5 Qd2 31.Qf3 Be5 32.Rd1 Rc1 33.Rxc1 Qxc1+ 34.Kg2 dxe3 35.Nxe3 b6 36.Nc4 Bd4
37.Nd6 Qd2 38.Qxf7+ Kh6 39.Qf8+ Bg7 40.Nf7+ Kh5 41.Qxg7 Qd5+ 42.f3  1-0

[Event "22nd HOF Open 2012"]
[Site "Jyvaskyla FIN"]
[Date "2012.07.09"]
[Round "1"]
[White "Solozhenkin,E"]
[Black "Grinberg,I"]
[Result "1-0"]
[WhiteElo "2472"]
[BlackElo "2196"]

1.d4 d5 2.Nf3 c6 3.c4 Nf6 4.Qb3 g6 5.Nc3 Bg7 6.cxd5 cxd5 7.Bg5 e6 8.e3 O-O
9.Bd3 Nbd7 10.O-O Qb6 11.Qc2 a6 12.a4 Nb8 13.a5 Qd8 14.b4 Bd7 15.Qb3 Bc6
16.h3 h6 17.Bh4 g5 18.Bg3 Nh5 19.Bh2 f5 20.Ne5 Bxe5 21.Bxe5 Nd7 22.Bd6 Rf7
23.Bh2 Nhf6 24.f3 Rg7 25.Kh1 h5 26.e4 f4 27.Rae1 Nf8 28.Re2 dxe4 29.Nxe4 Nxe4
30.Bxe4 Bxe4 31.Rxe4 Rd7 32.h4 Rxd4 33.Rxd4 Qxd4 34.Rd1 Qf6 35.hxg5 Qxg5
36.Qc4 Rd8 37.Rxd8 Qxd8 38.Qxf4 Qd5 39.Bg1 Qf5 40.Qb8 Qf6 41.Bf2 Qe7 42.Qg3+ Qg7
43.Qh4 Qa1+ 44.Kh2 Qe5+ 45.Bg3 Qf5 46.Qd8 Kg7 47.Qe7+ Qf7 48.Qg5+ Kh7 49.Be5 Nd7
50.Bc3 Nf8 51.f4 Nd7 52.Kg3 Nf8 53.Bd4 Ng6 54.Qxh5+ Kg8 55.Qh6 e5 56.fxe5 Ne7
57.Qg5+ Kh7 58.e6 Qg6 59.Qxg6+ Kxg6 60.Bc5 Nd5 61.Kg4 Kf6 62.e7 Kf7 63.Kf5 Nc7
64.g4 Kg7 65.g5 Kf7 66.g6+ Kg7 67.Bd4+ Kg8 68.Be5 Ne8 69.Ke6  1-0

[Event "22nd HOF Open 2012"]
[Site "Jyvaskyla FIN"]
[Date "2012.07.10"]
[Round "3"]
[White "Solozhenkin,E"]
[Black "Linden,L"]
[Result "1-0"]
[WhiteElo "2472"]
[BlackElo "1960"]

1.d4 d5 2.Nf3 Nf6 3.c4 c6 4.Qb3 Qb6 5.Nc3 e6 6.e3 Nbd7 7.Be2 Be7 8.O-O O-O
9.Qc2 Rd8 10.b3 Qc7 11.Bb2 b6 12.Rac1 Bb7 13.Bd3 Rac8 14.Qe2 Qb8 15.Rfd1 Nf8
16.e4 Ng6 17.g3 dxe4 18.Nxe4 c5 19.dxc5 Nxe4 20.Bxe4 Bxe4 21.Qxe4 Bxc5 22.Nd4 Qd6
23.Kg2 e5 24.Nc6 Qxd1 25.Rxd1 Rxd1 26.Bc3 Rd7 27.Qg4 Rcc7 28.Nxe5 Nxe5 29.Bxe5 f5
30.Qf3 Rb7 31.Qxf5 h6 32.h4 Rf7 33.Qc8+ Kh7 34.f4 a5 35.h5 Rbd7 36.Kh2 Rde7
37.Qc6 Rb7 38.f5 Rbd7 39.f6 gxf6 40.Bxf6  1-0

[Event "14th Saint-Lo Festival Summer Open"]
[Site "Saint-Lo FRA"]
[Date "2012.07.10"]
[Round "5.2"]
[White "Breahna,R"]
[Black "Aggoune,L"]
[Result "1-0"]
[WhiteElo "2275"]
[BlackElo "1849"]

1.d4 d5 2.c4 c6 3.Nf3 Nf6 4.Qc2 Bg4 5.Ne5 Bh5 6.h3 e6 7.g4 Bg6 8.Nxg6 hxg6
9.Bg2 Bb4+ 10.Nd2 Nbd7 11.a3 Bd6 12.e4 Nxe4 13.Nxe4 dxe4 14.Qxe4 Nf6 15.Qe2 Bc7
16.Be3 Qe7 17.f4 Rd8 18.O-O-O Bd6 19.Kb1 Qc7 20.f5 gxf5 21.gxf5 Rd7 22.fxe6 Re7
23.exf7+ Kxf7 24.Qf3 Rhe8 25.Bg5 Re2 26.c5 Bg3 27.Rhf1 Kg8 28.Bxf6 gxf6 29.Qxf6 Qh7+
30.Ka1 Qc2 31.Qg5+ Kh8 32.Qh6+ Kg8 33.Qg5+ Kh8 34.Qh6+ Kg8 35.Rb1 Bc7 36.Qg5+ Kh8
37.Rf7 Rxg2 38.Qf6+ Kg8 39.Rxc7 Rf8 40.Qe6+ Kh8 41.Rxb7 a5 42.Qxc6 a4 43.Qh6+ Kg8
44.Qe6+ Kh8 45.Qe5+ Kg8 46.d5 Qd3 47.c6 Rf1 48.Qe6+  1-0

[Event "4th Rethymno Open"]
[Site "Rethymno GRE"]
[Date "2012.07.12"]
[Round "7.22"]
[White "Michelakos,P"]
[Black "Ansell,S"]
[Result "1/2-1/2"]
[WhiteElo "2168"]
[BlackElo "2376"]

1.d4 d5 2.c4 c6 3.Nf3 Nf6 4.Nbd2 Bf5 5.Nh4 Be6 6.e3 g6 7.Bd3 Bg7 8.O-O O-O
9.Nhf3 Bf5 10.Qc2 Bxd3 11.Qxd3 c5 12.cxd5 Nxd5 13.Qb3 Nc6 14.dxc5 Na5 15.Qa3 b6
16.Nb3 Nxb3 17.Qxb3 e6 18.e4 Nf6 19.e5 Nd5 20.Bg5 Qb8 21.cxb6 axb6 22.Rfe1 Rc8
23.a3 Ra7 24.Rac1 h6 25.Rxc8+ Qxc8 26.Bd2 Rc7 27.a4 Qa6 28.a5 bxa5 29.Qa4 Rb7
30.Qe8+ Kh7 31.h4 Qb5 32.Qxb5 Rxb5 33.Ra1  1/2-1/2

[Event "Minsk Open 2012"]
[Site "Minsk BLR"]
[Date "2012.07.13"]
[Round "4.1"]
[White "Gorovets,A"]
[Black "Stupak,K"]
[Result "1/2-1/2"]
[WhiteElo "2448"]
[BlackElo "2512"]

1.Nf3 d5 2.d4 Nf6 3.c4 c6 4.Qb3 e6 5.Bg5 Nbd7 6.cxd5 exd5 7.Nc3 Be7 8.e3 O-O
9.Bd3 Ne4 10.Bf4 Ndf6 11.Qc2 Bf5 12.O-O Qc8 13.Rab1 Nd6 14.Bxd6 Bxd3 15.Qxd3 Bxd6
16.b4 b5 17.a4 a6 18.Ne5 Nd7 19.Nxd7 Qxd7 20.a5 f5 21.f4 Rae8 22.Nd1 Re6
23.Rf3 Rfe8 24.Qxf5 Qe7 25.Qc2 Bxb4 26.f5 Rf6 27.Nf2 h5 28.g4 c5 29.g5 Rf7
30.f6 gxf6 31.g6 Rg7 32.Qf5 Qe6 33.Qxh5 f5 34.Rxf5 Qxg6+ 35.Kf1 Qxh5 36.Rxh5 Bd2
37.dxc5 Bxe3 38.Rf5 Re6 39.Rd1 d4 40.Rf3 Reg6 41.Ke2 Rg2 42.Rf1 R7g5 43.Kd3 Rxc5
44.Ne4 Rc8 45.Rg3+ Rxg3 46.hxg3 Rc4  1/2-1/2

[Event "St. Pauli Open 2012"]
[Site "Hamburg GER"]
[Date "2012.07.14"]
[Round "8.14"]
[White "Nedic,D"]
[Black "Schmidt,Jad"]
[Result "1-0"]
[WhiteElo "2296"]
[BlackElo "2116"]

1.d4 d5 2.c4 c6 3.Nf3 Nf6 4.Qc2 dxc4 5.Qxc4 Bf5 6.g3 e6 7.Bg2 Nbd7 8.O-O Nb6
9.Qb3 Qd5 10.Qd1 Bxb1 11.Rxb1 Qxa2 12.Bg5 Be7 13.Ne5 O-O 14.Qd3 Qa4 15.Bd2 Rfd8
16.e3 Nbd5 17.Rfc1 Qb5 18.Qc2 Bb4 19.Nd3 Bxd2 20.Qxd2 Nd7 21.b4 Rdb8 22.Nc5 Rd8
23.e4 N5f6 24.Qc3 Qb6 25.Nb3 h6 26.h3 a6 27.Kh2 Qa7 28.f4 Nb6 29.Rf1 Rac8
30.f5 exf5 31.Rxf5 Rf8 32.Rbf1 Rce8 33.Nc5 Qb8 34.Rxf6 gxf6 35.Rxf6 Qd8 36.Rxh6 Kg7
37.Rh4 Rh8 38.d5+ f6 39.Nxb7 Qb8 40.Rg4+ Kf7 41.Qxc6 Nc8 42.d6 Reg8 43.Qd7+ Kf8
44.Nd8 Nxd6 45.Ne6+  1-0

[Event "Werner-Ott-Open 2012"]
[Site "Berlin GER"]
[Date "2012.07.15"]
[Round "9.13"]
[White "Burger,H"]
[Black "Kirchhof,A"]
[Result "1/2-1/2"]
[WhiteElo "2141"]
[BlackElo "2034"]

1.Nf3 d5 2.d4 c6 3.c4 Nf6 4.Qc2 g6 5.e3 Bf5 6.Qb3 Bxb1 7.Rxb1 Qb6 8.Qc2 Nbd7
9.a3 Bg7 10.Be2 O-O 11.O-O e6 12.c5 Qc7 13.b4 e5 14.dxe5 Nxe5 15.Nxe5 Qxe5
16.Bb2 Qe4 17.Qd1 Qh4 18.Bd4 Nd7 19.Bxg7 Kxg7 20.Qd4+ Qxd4 21.exd4 Rfe8  1/2-1/2

[Event "35th Taminco Open"]
[Site "Ghent BEL"]
[Date "2012.07.15"]
[Round "4.10"]
[White "Abolianin,A"]
[Black "Barbe,T"]
[Result "1-0"]
[WhiteElo "2367"]
[BlackElo "2067"]

1.d4 d5 2.c4 c6 3.Nf3 Nf6 4.Qc2 dxc4 5.Qxc4 Bf5 6.Nc3 e6 7.g3 Nbd7 8.Bg2 Be7
9.O-O O-O 10.a4 a5 11.Rd1 Qb6 12.Bg5 h6 13.e4 Bh7 14.Bxf6 Nxf6 15.Ne5 Rad8
16.Rd2 Qb4 17.Rad1 Nd7 18.Qxb4 axb4 19.Ne2 Nxe5 20.dxe5 Rxd2 21.Rxd2 Rd8
22.Rxd8+ Bxd8 23.Nc1 c5 24.b3 Bc7 25.f4 b6 26.Kf2 Kf8 27.Ke3 Ke7 28.Bf1 g5
29.Bc4 Bg6 30.Nd3 Bh5 31.Nb2 Bg4 32.Bd3 Bb8 33.Bc4 Bc7 34.Nd3 Bd1 35.Nf2 Bh5
36.Bd3 gxf4+ 37.gxf4 Bb8 38.Bc2 Bc7 39.Nd3 Bb8 40.Nb2 Bc7 41.Nc4 Bg4 42.Kf2 Bh5
43.h3 f6 44.exf6+ Kxf6 45.Ke3 Bf7 46.e5+ Ke7 47.Bd3 Be8 48.Nd2 Bc6 49.Kf2 Bd5
50.Kg3 Kf7 51.Be4 Bxe4 52.Nxe4 Bb8 53.Kf3 Bc7 54.Ke3 Kg6 55.Ng3 Bb8 56.Ke4 Bc7
57.h4 Bd8 58.h5+ Kf7 59.Nf1 Bh4 60.Nd2 Ke8 61.Nc4 Bd8 62.Ne3 Kf7 63.f5 Bg5
64.f6 Bxe3 65.Kxe3 c4 66.bxc4  1-0

[Event "III Maravilhosa Open 2012"]
[Site "Laranjeiras BRA"]
[Date "2012.07.15"]
[Round "6.10"]
[White "Maia,Marc"]
[Black "Saraiva,Alexandre Pacheco"]
[Result "1-0"]
[WhiteElo "2115"]
[BlackElo "1979"]

1.d4 d5 2.c4 c6 3.Nf3 Nf6 4.Qc2 g6 5.Bf4 Bg7 6.e3 Bf5 7.Qb3 Qc8 8.Nc3 e6
9.h3 h6 10.g4 Be4 11.Nxe4 Nxe4 12.Bd3 Nf6 13.Bd6 Nbd7 14.Qc2 Bf8 15.Bxf8 Kxf8
16.O-O-O c5 17.cxd5 Nxd5 18.Kb1 cxd4 19.Qxc8+ Rxc8 20.Nxd4 Kg7 21.Nb5 a6
22.Nd6 Rc6 23.Ne4 Ne5 24.Be2 b5 25.Rc1 Rb6 26.Nc3 Nxc3+ 27.Rxc3 Rd8 28.Rd1 b4
29.Rxd8 bxc3 30.b3 a5 31.Rc8 a4 32.Rxc3 axb3 33.Rxb3 Rd6 34.a4 Rd2 35.Rb2 Rd5
36.Rb5 Rd2 37.Rxe5 Rxe2 38.a5 Rxf2 39.a6 Rd2 40.a7 Rd8 41.Rb5 Ra8 42.Rb7 Kf6
43.Kc2 e5 44.Kd3 Ke6 45.Ke4 f5+ 46.gxf5+ gxf5+ 47.Kf3 h5 48.Kg3 Kd5 49.Kf3 h4
50.Rh7 Ke6 51.Rh6+ Kd5 52.Rh7 Ke6 53.e4 f4 54.Rh6+ Kf7 55.Ra6  1-0

[Event "2nd Science Park Open A"]
[Site "Amsterdam NED"]
[Date "2012.07.16"]
[Round "3"]
[White "Schroer,M"]
[Black "De Rover,YH"]
[Result "1/2-1/2"]
[WhiteElo "2088"]
[BlackElo "2287"]

1.Nf3 d5 2.d4 Nf6 3.c4 c6 4.Qc2 e6 5.g3 dxc4 6.Qxc4 b5 7.Qc2 Bb7 8.Bg2 Nbd7
9.a4 c5 10.dxc5 Nxc5 11.Nbd2 bxa4 12.O-O Be7 13.b4 axb3 14.Nxb3 Be4 15.Qc3 Nd5
16.Qc4 Nxb3 17.Qxb3 O-O 18.Qc4 f5 19.Ba3 Bxa3 20.Rxa3 Qe7 21.Ra6 Rfc8 22.Qd4 Rc7
23.Qe5 Qf6 24.Rxe6 Qxe5 25.Nxe5 Nc3 26.Re1 a5 27.Bxe4 fxe4 28.Kf1 a4 29.Ra1 h5
30.Rc6 Rxc6 31.Nxc6 Ra6 32.Nd4 Rd6 33.Ra3 Rxd4 34.Rxc3 Kf7 35.Rc6 Rd1+ 36.Kg2 Rd2
37.Ra6 Ra2 38.h4 a3 39.g4 hxg4 40.Kg3 e3 41.f3 Rxe2  1/2-1/2

[Event "35th Barbera Open A"]
[Site "Barbera del Valles ESP"]
[Date "2012.07.16"]
[Round "9.5"]
[White "Cordova,E"]
[Black "Alarcon Casellas,Rol"]
[Result "1-0"]
[WhiteElo "2584"]
[BlackElo "2436"]

1.d4 d5 2.Nf3 Nf6 3.c4 c6 4.Qb3 dxc4 5.Qxc4 Bf5 6.g3 e6 7.Bg2 Be7 8.O-O O-O
9.Rd1 Nbd7 10.e3 Rc8 11.Nc3 b5 12.Qe2 b4 13.Na4 Qa5 14.b3 Be4 15.Bb2 Qb5
16.Bf1 Qxe2 17.Bxe2 c5 18.Rac1 Bc6 19.Nxc5 Nxc5 20.dxc5 Bxf3 21.Bxf3 Bxc5
22.Kf1 Bb6 23.Ke2 Rxc1 24.Rxc1 Rd8 25.Rc4 a5 26.Rc6 Nd7 27.g4 h6 28.h4 Kf8
29.g5 hxg5 30.hxg5 g6 31.Be4 Rb8 32.f4 Ke7 33.Bd3 Kd8 34.Bc4 Rc8 35.Rd6 Ke7
36.Rd2 Rc5 37.a4 Rc7 38.Kf3 Bc5 39.e4 Bb6 40.Bb5 Ra7 41.Bg7 Rc7 42.e5 Kd8
43.Bf8 Ke8 44.Bd6 Rc3+ 45.Kg4 Be3 46.Rh2 f5+ 47.gxf6 Kf7 48.Bxd7  1-0

[Event "Helmut-Kohls-Turnier 2012"]
[Site "Dortmund GER"]
[Date "2012.07.16"]
[Round "3"]
[White "Meins,G"]
[Black "Loetscher,R"]
[Result "1/2-1/2"]
[WhiteElo "2475"]
[BlackElo "2402"]

1.d4 d5 2.c4 c6 3.Nf3 Nf6 4.Qc2 dxc4 5.Qxc4 Bg4 6.Nc3 Nbd7 7.e4 Bxf3 8.gxf3 e5
9.Be3 exd4 10.Qxd4 Bc5 11.Qc4 Bxe3 12.fxe3 Qb6 13.Qe2 O-O 14.O-O-O Rad8 15.f4 Qc5
16.Kb1 Nb6 17.Rc1 Qb4 18.a3 Qb3 19.Qc2 Qxc2+ 20.Kxc2 Rfe8 21.e5 Nfd5 22.Nxd5 Rxd5
23.Bg2 Rc5+ 24.Kb1 Rxc1+ 25.Kxc1 f6 26.exf6 Rxe3 27.fxg7 Kxg7 28.Rd1 Kf6
29.Rd6+ Re6 30.Rd8 Re2 31.Bf3 Rf2 32.Be4 Rxf4 33.Rf8+ Kg5 34.Rxf4 Kxf4 35.Bxh7 Kg4
36.Kd2 Kh3 37.Kd3 Kxh2 38.Kd4 Kg3 39.Kc5 Kf4 40.Kd6 Nc4+ 41.Kc7 Nxb2 42.Kxb7 c5
43.Bg8 c4 44.Bxc4 Nxc4 45.Kxa7 Nxa3  1/2-1/2